<?xml version="1.0" encoding="UTF-8"?>
<record
    xmlns:xsi="http://www.w3.org/2001/XMLSchema-instance"
    xsi:schemaLocation="http://www.loc.gov/MARC21/slim http://www.loc.gov/standards/marcxml/schema/MARC21slim.xsd"
    xmlns="http://www.loc.gov/MARC21/slim">

  <leader>02381nam a2200313 a 4500</leader>
  <controlfield tag="001">BRCA_3102</controlfield>
  <controlfield tag="005">20190320204119.0</controlfield>
  <controlfield tag="008">280109s1844----fr-a---###---#000-0#fre-u</controlfield>
  <datafield tag="041" ind1=" " ind2=" ">
    <subfield code="a">fre</subfield>
  </datafield>
  <datafield tag="044" ind1=" " ind2=" ">
    <subfield code="a">fr</subfield>
  </datafield>
  <datafield tag="084" ind1=" " ind2=" ">
    <subfield code="a">407</subfield>
    <subfield code="b">.L448</subfield>
    <subfield code="c">1844</subfield>
  </datafield>
  <datafield tag="100" ind1="1" ind2=" ">
    <subfield code="a">Cervantes Saavedra, Miguel de</subfield>
    <subfield code="d">1547-1616</subfield>
    <subfield code="9">213</subfield>
  </datafield>
  <datafield tag="245" ind1="1" ind2="0">
    <subfield code="a">Histoire de Don Quichote de la Manche</subfield>
    <subfield code="c">par Michel de Cervantes.</subfield>
  </datafield>
  <datafield tag="260" ind1=" " ind2=" ">
    <subfield code="a">Par&#xED;s</subfield>
    <subfield code="b">P.C. Lehuby</subfield>
    <subfield code="c">1844</subfield>
  </datafield>
  <datafield tag="300" ind1=" " ind2=" ">
    <subfield code="a">viii, 488 p.</subfield>
    <subfield code="b">il.</subfield>
    <subfield code="c">20 cm.</subfield>
  </datafield>
  <datafield tag="500" ind1=" " ind2=" ">
    <subfield code="a">Contenido : Primera parte. Advertencia del editor. Noticia historica y literaria sobre Cervantes. Texto. Segunda parte. Texto. Tercera parte (continuaci&#xF3;n por Filleau de Saint-Martin)</subfield>
  </datafield>
  <datafield tag="500" ind1=" " ind2=" ">
    <subfield code="a">Edici&#xF3;n : Nouvelle edition revue et corrig&#xE9;e par L&#xB4;Abb&#xE9; Lejeune, chanoine, prof. a la Fac. de Th&#xE9;ologie de Rouen. Illustr&#xE9;e de 20 grands dessins. Par C&#xE9;lestib Nanteuil, Bouchot et Demoraine</subfield>
  </datafield>
  <datafield tag="500" ind1=" " ind2=" ">
    <subfield code="a">Esta edici&#xF3;n abreviada por el t&#xE9;ologo Lejeune es en realidad un compendio de la de Filleau de Saint-Martin, dividido en tres parte, correspondiendo la &#xFA;ltima a la continuaci&#xF3;n de aquel traductor, apodado tambi&#xE9;n labb&#xE9;: El texto est&#xE1; tan abreviado que los 126 cap&#xED;tulos que comprende el original, han quedado reducidos a 30, y los 61 de la continuaci&#xF3;n, a una tercera parte. Escribe Lejeune que en su versi&#xF3;n han suprimido ciertos pasajes nada propios para la juventud (desde el punto de vista de la moral eclesi&#xE1;stica, se entiende). Algunos de los m&#xE1;s importantes pasajes suprimidos son por ejemplo: La defensa del criado Andr&#xE9;s vapuleado por su amo, la liberaci&#xF3;n de los galeotes y el c&#xE9;lebre discurso sobre la Edad de oro, as&#xED; como la penitencia de Don Quijote en Sierra Morena. Las ilustraciones, aunque t&#xE9;cnicamente buenas, no satisfacen, pues sus dibujantes demuestran poco conocimiento del texto cervantino. Tela; cubiertas ricamente ilustradas con motivos quijotiles L&#xFA;dovik Osterc</subfield>
  </datafield>
  <datafield tag="500" ind1=" " ind2=" ">
    <subfield code="a">QM333</subfield>
  </datafield>
  <datafield tag="546" ind1=" " ind2=" ">
    <subfield code="a">Texto en : franc&#xE9;s</subfield>
  </datafield>
  <datafield tag="650" ind1="1" ind2="4">
    <subfield code="a">Novela espa&#xF1;ola</subfield>
    <subfield code="y">&#xC9;poca cl&#xE1;sica, 1500-1700</subfield>
    <subfield code="9">215</subfield>
  </datafield>
  <datafield tag="650" ind1="1" ind2="4">
    <subfield code="a">Literatura espa&#xF1;ola</subfield>
    <subfield code="y">&#xC9;poca cl&#xE1;sica, 1500-1700</subfield>
    <subfield code="9">216</subfield>
  </datafield>
  <datafield tag="650" ind1="1" ind2="4">
    <subfield code="a">Novela espa&#xF1;ola</subfield>
    <subfield code="y">Siglo XVII</subfield>
    <subfield code="9">217</subfield>
  </datafield>
  <datafield tag="650" ind1="1" ind2="4">
    <subfield code="a">Don Quijote (Personaje ficticio)</subfield>
    <subfield code="e">Novela</subfield>
    <subfield code="9">218</subfield>
  </datafield>
  <datafield tag="700" ind1="1" ind2=" ">
    <subfield code="a">Saint-Martin, Francois Filleau de</subfield>
    <subfield code="d">1632-1695</subfield>
    <subfield code="e">Traductor</subfield>
    <subfield code="9">8453</subfield>
  </datafield>
  <datafield tag="740" ind1="0" ind2=" ">
    <subfield code="a">El Ingenioso Hidalgo Don Quijote de la Mancha</subfield>
  </datafield>
  <datafield tag="902" ind1=" " ind2=" ">
    <subfield code="a">QFM</subfield>
  </datafield>
  <datafield tag="942" ind1=" " ind2=" ">
    <subfield code="2">lcc</subfield>
    <subfield code="c">B</subfield>
  </datafield>
  <datafield tag="999" ind1=" " ind2=" ">
    <subfield code="c">2838</subfield>
    <subfield code="d">2838</subfield>
  </datafield>
  <datafield tag="952" ind1=" " ind2=" ">
    <subfield code="0">0</subfield>
    <subfield code="1">0</subfield>
    <subfield code="4">0</subfield>
    <subfield code="7">0</subfield>
    <subfield code="a">BRCA</subfield>
    <subfield code="b">BRCA</subfield>
    <subfield code="d">2009-01-28</subfield>
    <subfield code="i">QM333</subfield>
    <subfield code="l">0</subfield>
    <subfield code="o">407 .L448 1844 (QM333)</subfield>
    <subfield code="p">3099</subfield>
    <subfield code="r">2019-03-22 00:00:00</subfield>
    <subfield code="w">2019-03-22</subfield>
    <subfield code="y">B</subfield>
  </datafield>
</record>
